Music Quiz

Random Music or Song Quiz

Billboard #1 'Love' Songs Quiz Stats

 Plays Quiz not verified by Sporcle

Score 0/46 Timer 10:00
0 Plays Today
Hint Answer % Correct
ArtistTHE BEATLES
86.8%
3Love Me Do
68.1%
ArtistWHITNEY HOUSTON
62.6%
4She Loves You
60.4%
4I Will Always Love You
60.4%
ArtistTHE SUPREMES
52.7%
2All You Need Is Love
51.6%
ArtistELVIS PRESLEY
51.6%
ArtistMARIAH CAREY
46.2%
4Baby Love
45.1%
1Can't Buy Me Love
42.9%
ArtistDIANA ROSS
40.7%
2Love Me Tender
40.7%
ArtistBEE GEES
39.6%
2Greatest Love Of All
39.6%
3Love Child (with the supremes)
36.3%
2Stop! In The Name Of Love
35.2%
1Vision Of Love
34.1%
3You Can't Hurry Love
33%
2How Deep Is Your Love
33%
3Saving All My Love For You
33%
5Where Did Our Love Go
31.9%
1Love Hangover
30.8%
Hint Answer % Correct
ArtistJANET JACKSON
30.8%
ArtistBARBRA STREISAND .
27.5%
2Endless Love
26.4%
ArtistCELINE DION
25.3%
2Love Takes Time
22%
3Dreamlover
20.9%
2That's The Way Love Goes
20.9%
1Love Is Here And Now You're Gone
19.8%
1I Wanna Dance With Somebody (Who Loves Me)
19.8%
1Woman In Love
18.7%
2The Power Of Love
18.7%
1Love You Inside Out
16.5%
1Love Will Never Do (Without You)
15.4%
3I Want You, I Need You, I Love You
13.2%
1Because You Loved Me
12.1%
2Evergreen (Love Theme From A Star Is Born)
8.8%
1A Big Hunk O' Love
7.7%
ArtistBRYAN ADAMS
7.7%
1All For Love (with Rod Stewart and Sting)
5.5%
2Have You Ever Really Loved A Woman
5.5%
ArtistPAT BOONE
5.5%
2Love Letters In The Sand
4.4%
1April Love
3.3%

You're not logged in!

Compare scores with friends on all Sporcle quizzes.
OR
Log In

Sporcle TV

Today on Sporcle TV


Watch our educational content, quiz creation guides, and fun videos on Sporcle TV.

Show Comments

Extras

Top Quizzes Today


Score Distribution

Your Account Isn't Verified!

In order to create a playlist on Sporcle, you need to verify the email address you used during registration. Go to your Sporcle Settings to finish the process.

Report this User

Report this user for behavior that violates our Community Guidelines.

Details: